El hombre y la calidad : persona, cultura y participación : memorias /
Enregistré dans:
| Collectivité auteur: | |
|---|---|
| Format: | Actes de congrès Livre |
| Langue: | espagnol |
| Sujets: | |
| Tags: |
Pas de tags, Soyez le premier à ajouter un tag!
|
MARC
| LEADER | 00000nam^a2200000^a^4500 | ||
|---|---|---|---|
| 001 | 000318109 | ||
| 005 | 20250521000000.0 | ||
| 009 | 20260310113402.363 | ||
| 025 | |a Donación Jesús Vergara Aceves, 1 ejemplar | ||
| 037 | |a Acervo Xavier Clavigero | ||
| 041 | |a ESP | ||
| 082 | |a 658. 4063 |b INI 1990 | ||
| 111 | |a Intercambio Internacional ( |n 5° : |d 1990 : |c Monterrey, México) | ||
| 245 | 1 | 3 | |a El hombre y la calidad : |b persona, cultura y participación : memorias / |
| 264 | |a Monterrey, México : |b Instituto Tecnológico y de Estudios Superiores de Monterrey, Campus Monterrey : |b Ejecutivos de Relaciones Industriales : |b Centro de Productividad de Monterrey, |c 1990 | ||
| 300 | |a 293 p. | ||
| 336 | |a texto |b txt |2 rdacontenido | ||
| 337 | |a sin mediación |b n |2 rdamedio | ||
| 338 | |a volumen |b nc |2 rdasoporte | ||
| 649 | |a XX | ||
| 650 | |a Círculos de Calidad - |x Congresos - |x Tema Principal | ||
| 650 | |a Mexicanos - |x Condiciones Sociales y Culturales | ||
| 650 | |a Control de Calidad | ||
| 650 | |a Actitud de Servicio | ||
| 650 | |a Competitividad | ||
| 650 | |a Antropología Filosófica - |x Tema Principal | ||
| 650 | |a Recursos Humanos | ||
| 650 | |a Administración Participativa | ||
| 650 | |a Proceso Administrativo - |x Dirección | ||
| 650 | |a Ciencias Administrativas | ||
| 910 | |a Fondo Jesús Vergara Aceves S.J. | ||
| 920 | |a Impresos - Libros | ||
| 930 | |a Fondos Especiales | ||
| 905 | |a 119 | ||
| 901 | |a 0500205164 |b IT2 |c ESP |i D |u 20250521 | ||
| 902 | |a https://opac.biblio.iteso.mx/vufind/Record/000318109 | ||